[Event "HUN-chT2 Toth 1819"]
[Site "Hungary"]
[Date "2019.03.31"]
[Round "10.11"]
[White "Elekes, Lajos"]
[Black "Bacsi, Kristof1111"]
[Result "0-1"]
[WhiteElo "1354"]
[BlackElo "1661"]
[PlyCount "98"]
[EventDate "2018.09.23"]
[EventType "team-tourn"]
[EventRounds "11"]
[EventCountry "HUN"]
[SourceTitle "EXT 2021"]
[Source "ChessBase"]
[SourceDate "2020.10.23"]
[SourceVersion "1"]
[SourceVersionDate "2020.10.23"]
[SourceQuality "1"]
[WhiteTeam "Szeged Maroczy III"]
[BlackTeam "Oroshaza"]
[WhiteTeamCountry "HUN"]
[BlackTeamCountry "HUN"]

1. c4 e6 2. e4 d5 3. cxd5 exd5 4. exd5 Qxd5 5. Nc3 Qd8 6. Qe2+ Be7 7. Nf3 Nf6 8. Ne4 0-0 9. Nxf6+ Bxf6 10. Qd1 b6 11. Be2 Re8 12. 0-0 Bb7 13. Re1 Nc6 14. a3 Qd5 15. Bf1 Nd4 16. Nxd4 Bxd4 17. d3 Rad8 18. Rb1 Re6 19. Rxe6 Qxe6 20. Bf4 Qf6 21. Qc1 c5 22. Be3 Ba6 23. b4 cxb4 24. axb4 Bb5 25. Bxd4 Qxd4 26. Qe3 Kf8 27. Re1 Qxb4 28. Qc1 Qd6 29. h3 a5 30. Qc2 Bxd3 31. Bxd3 Qxd3 32. Qc7 Qd6 33. Qc2 Qd2 34. Qe4 g6 35. Qe7+ Kg8 36. h4 Qd6 37. Qg5 h5 38. Re7 Kg7 39. g3 Qf6 40. Qe3 Rd6 41. Ra7 Re6 42. Qc1 Rc6 43. Qe1 Qc3 44. Qe8 Rf6 45. Ra8 Qc1+ 46. Kg2 Qc6+ 47. f3 Qxf3+ 48. Kh2 Qf2+ 49. Kh3 Qf1+ 0-1